IFM Opac

International money and the reall world (Record no. 4015)

MARC details
000 -LEADER
fixed length control field 00477nam a2200181Ia 4500
020 ## - INTERNATIONAL STANDARD BOOK NUMBER
International Standard Book Number 0030589231
082 ## - DEWEY DECIMAL CLASSIFICATION NUMBER
Classification number 332.4 DAV
100 ## - MAIN ENTRY--PERSONAL NAME
Personal name Davidson, Paul
9 (RLIN) 7691
245 ## - TITLE STATEMENT
Title International money and the reall world
250 ## - EDITION STATEMENT
Edition statement 4th ed.
260 ## - PUBLICATION, DISTRIBUTION, ETC.
Place of publication, distribution, etc. London:
260 ## - PUBLICATION, DISTRIBUTION, ETC.
Name of publisher, distributor, etc. Macmillan
260 ## - PUBLICATION, DISTRIBUTION, ETC.
Date of publication, distribution, etc. 1982
300 ## - PHYSICAL DESCRIPTION
Extent xxiv, 1352p. :ill. ;22cm.
500 ## - GENERAL NOTE
General note Includes bibliographical references and index
650 ## - SUBJECT ADDED ENTRY--TOPICAL TERM
Topical term or geographic name entry element MoneyInternational economic relations
9 (RLIN) 7692
942 ## - ADDED ENTRY ELEMENTS (KOHA)
Koha item type Books
Holdings
Withdrawn status Lost status Damaged status Not for loan Collection code Home library Current library Shelving location Date acquired Source of acquisition Total Checkouts Full call number Barcode Date last seen Price effective from Koha item type
        Non-fiction IFM Main Campus Library IFM Main Campus Library Archival Collection 09/25/2021 Purchase   332.4 DAV 0000004189 05/15/2015 02/19/2022 Books